El Tesoro de la infancia : tratado de educación y urbanidad con los más sublimes preceptos de moral y religión, [original y en verso de] / D. Francisco Ortega y Frías tratado de educación y urbanidad con los más sublimes preceptos de moral y religión, [original y en verso de] / D. Francisco Ortega y Frías
Descripción Física:
62 p. ; 19 cm
MARC
| LEADER | 00000nam a2200000Ia 4500 | ||
|---|---|---|---|
| 001 | 12694 | ||
| 008 | 160829s1885 xx 000 0 cat d | ||
| 080 | |a 1381, exp. 8 | ||
| 100 | |a Ortega y Frías, Francisco |9 48235 | ||
| 245 | |a El Tesoro de la infancia : |b tratado de educación y urbanidad con los más sublimes preceptos de moral y religión, [original y en verso de] / D. Francisco Ortega y Frías | ||
| 250 | |a 6a ed. | ||
| 260 | |a Madrid : |b (Imp. de Montegrifo y Cia), |c 1885 | ||
| 300 | |a 62 p. ; |c 19 cm | ||
| 590 | |a Abans del títol: 'Obra de texto y enseñanza preferente' | ||
| 650 | |a Educació moral |9 48236 | ||
| 650 | |a Etiqueta |9 48237 | ||
| 901 | |a Arxiu | ||
| 942 | |n 1 | ||
| 952 | |0 0 |1 0 |4 0 |6 1381_EXP_8 |7 1 |9 54414 |a Arxiu |b Arxiu |d 2016-12-01 |l 0 |o 1381, exp. 8 |p 12694 |r 2016-12-01 00:00:00 |w 2016-12-01 |y ARXIU | ||
| 999 | |c 58283 |d 58283 | ||